| 000 | 00767nam a2200253Ia 4500 | ||
|---|---|---|---|
| 003 | OSt | ||
| 005 | 20220926012149.0 | ||
| 006 | a|||||r|||| 00| 0 | ||
| 007 | ta | ||
| 008 | 220923b |||||||| |||| 00| 0 eng d | ||
| 020 | _a151781616X; 1571816178 | ||
| 037 | _cGeneral Book | ||
| 040 |
_aRTL _cRTL _beng |
||
| 041 |
_2eng _aeng |
||
| 082 | _aY9(Z,2), P5.1-P5.2 | ||
| 100 |
_aWIDLOK Thomas _9315689 |
||
| 245 | 0 | _aProperty and equality.2V | |
| 260 |
_aNew York _bBerghahn Books _c2005 |
||
| 300 |
_ax,266p _ccm. |
||
| 490 | _vV1: Ritualistaion, Sharing Egalitarianism. (228p) | ||
| 700 |
_a TADESSE Wolde Gossa _9315690 |
||
| 942 |
_hY9(Z,2), P5.1-P5.2 _cGB _2CC |
||
| 999 |
_c621952 _d621952 |
||